Statistiques concernant Villes de Provence Alpes Côte d'Azur A-Z

Cliquez ici pour prendre le quiz!

Statistiques générales

  • Ce quiz a été pris 123 fois
  • Le résultat moyen est 12 sur 20

Statistiques - réponses

LettresVilles% Correct
AArgentière-la-Bessée / Ancelle / Annot / Aiglun / Auribeau / Antibes / Aix en Provence / Arles / Arcs / Adrets / Apt / Avignon
99%
MMonêtier / Montmaur / Mées / Manosque / Mandelieu-la-Napoule / Menton / Marseille / Martigues / Muy / Montauroux / Monteux / Morières
91%
CChorges / Châteauroux-les-Alpes / Château-Arnoux-Saint-Auban / Castellane / Cannes / Cagnes / Châteauneuf / Ciotat / Crau / Cuers / Carpentras / Cavaillon
89%
NNeffes / Névache / Noyers / Niozelles / Nice / Noves / Nans-les-Pins / Néoules
84%
GGuillestre / Gap / Gréoux / Garde / Gaude / Grasse / Gardanne / Gignac / Garéoult / Grillon / Gargas
76%
DDévoluy / Digne / Dauphin / Drap / Duranus / Destrousse / Draguignan
73%
TTallard / Trescléoux / Thoard / Thuiles / Trinité / Tourrette / Tarascon / Trets / Trans-en-Provence / Toulon / Thor / Tour-d'Aigues
69%
SSaint-Bonnet-en-Champsaur / Saint-Chaffrey / Sisteron / Saint-Tulle / Saint-André-de-la-Roche / Saint-Laurent-du-Var / Salon-de-Provence / Saint-Martin-de-Crau / Seyne-sur-Mer / Saint-Raphaël / Sarrians / Sorgues
67%
FFreissinouse / Forest-Saint-Julien / Forcalquier / Faucon / Falicon / Fontan / Farlède / Fréjus / Fontaine
63%
BBriançon / Bâtie-Neuve / Brillanne / Barcelonnette / Beausoleil / Biot / Bouc-Bel-Air / Berre-l'Etang / Beausset / Brignoles / Bollène / Bédarrides
62%
IIstres / Isola / Ilonse / Isle-sur-la-Sorgue
60%
HHaute-Beaume / Hautes-Duyes / Hospitalet / Hyères
59%
OOrres / Orcières / Ongles / Oraison / Opio / Orgon / Ollières / Ollioules / Oppède / Orange
58%
VVillar-Saint-Pancrace / Veynes / Volx / Villeneuve / Vence / Vallauris / Velaux / Vitrolles / Valette-du-Var / Vidauban / Valréas / Vedène
56%
EEmbrun / Espinasses / Escale / Entrevaux / Escarène / Eze / Eyguières / Eguille / Evenos / Entrechaux / Entrecasteaux / Entraigues-sur-la-Sorgue
36%
RRoche / Reillanne / Riez / Roquefort-les-Pins / Roquebrune / Roquevaire / Rognac / Rocbaron / Roussillon / Robion
36%
PPelleautier / Poët / Peyruis / Pierrevert / Peymeinade / Pégomas / Port-de-Bouc / Plan-de-Cuques / Pradet / Puget / Pertuis / Pontet
31%
LLaragne / Lardier / Lurs / Limans / Levens / Lucéram / Lambesc / Lançon / Le Luc / La Londe-les-Maures / Lapalud / Lauris
29%
JJarjayes / Jausiers / Javie / Jouques / Jonquerettes / Jonquières
16%
Q ; UQuinson / Upaix / Ubaye / Uvernet / Utelle / Uchaux
8%

Distribution des résultats

Percentile par nombre de réponses

% des personnes avec chaque résultat

Votre développement - résultats

Vous n’avez pas pris ce quiz